| 000 | 01057cab a2200289 4500 | ||
|---|---|---|---|
| 001 | WB3435-52 | ||
| 008 | 090401t1998 xxu||||| |||| 00| 0 eng d | ||
| 035 | _a(Sirsi) u88514 | ||
| 041 | _aeng | ||
| 245 | _aUS group buys Healey & Baker | ||
| 260 | _c1998 | ||
| 350 | _a0 | ||
| 490 |
_aTimes _v16 september 1998, 27 |
||
| 490 |
_aFinancial Times _v16 September 1998, 26 |
||
| 490 |
_aProperty Week _v63(21) 18 September 1998, 3(2) |
||
| 520 | _aHealey & Baker has become the third top firm of British property agents to sell out to American investors this year. The partnership has accepted a £70m offer to merge its business with Cushman & Wakefield, a private US firm of real estate agents controlled by Mitsubishi Estate. | ||
| 650 | _aABOUT RICS-RICS MEMBERS | ||
| 650 | _aCUSHMAN & WAKEFIELD | ||
| 650 | _aHEALEY & BAKER | ||
| 650 | _aMERGER | ||
| 650 | _aMITSHUBISHI ESTATE | ||
| 650 | _aSELL OUT | ||
| 650 | _aUS INVESTORS | ||
| 690 | _aMANAGEMENT-BUSINESS MANAGEMENT-PROFESSIONAL PRACTICE | ||
| 942 | _n0 | ||
| 948 | _c16/09/1998 | ||
| 999 |
_c55930 _d55930 |
||